Matlab for Engineering Applications /

Guardado en:
Detalles Bibliográficos
Autor principal: Palm William J. (Autor)
Formato: Libro
Lenguaje:inglés
Publicado: New York Mc Graw Hill Education 2019
Materias:
Etiquetas: Agregar Etiqueta
Sin Etiquetas, Sea el primero en etiquetar este registro!

MARC

LEADER 00000nam a22000003a 4500
001 0084521
003 SK-STU
005 20201119104247.0
007 ta
008 201119s ----xo-----e------000-0-----d
020 |a 978-1-260-08471-9 
040 |a STU  |b slo 
041 0 |a eng 
100 1 |a Palm William J.  |4 aut 
245 1 0 |a Matlab for Engineering Applications /  |c aut. Palm William J 
260 |a New York  |b Mc Graw Hill Education  |c 2019 
300 |a 596 s. 
650 0 7 |a MATLAB 
996 |b 284J046208  |c J* 118755  |l JJSK  |s A  |a 24  |w 0084521_0001